Statistics for Cities with a Metro Rail System on a World Map

Click here to take the quiz!

General Stats

  • This quiz has been taken 591 times
    (150 since last reset)
  • The average score is 129 of 183

Answers on the Map

Answers color-coded by a green-red scale on the quiz's map according to % correct below.
Loading ...
 

Answer Stats

Answer% Correct
London
99%
New York
97%
Miami
96%
Lisbon
96%
Mexico City
96%
Rome
96%
Madrid
96%
Amsterdam
96%
Paris
96%
Helsinki
96%
Barcelona
96%
Los Angeles
95%
Milan
95%
Rio de Janeiro
95%
Berlin
95%
Oslo
95%
Stockholm
95%
Glasgow
95%
Toronto
95%
San Francisco
95%
Washington D.C
95%
Boston
95%
Vancouver
94%
Istanbul
94%
Munich
94%
Lima
94%
Saint Petersburg
94%
Chicago
94%
Cairo
94%
Singapore
94%
Algiers
93%
Naples
93%
Jakarta
93%
Delhi
93%
Hamburg
93%
Panama City
93%
Copenhagen
93%
Warsaw
93%
Prague
93%
Santiago
93%
Kiev
93%
Dubai
92%
Beijing
92%
Vienna
92%
Osaka
92%
Sao Paulo
92%
Tehran
92%
Buenos Aires
92%
Mumbai
92%
Philadelphia
91%
Brussels
91%
Athens
91%
Hong Kong
91%
Bangkok
91%
Tokyo
91%
Moscow
91%
Budapest
90%
Manila
90%
Ankara
90%
Atlanta
90%
Seoul
90%
Bucharest
90%
Caracas
90%
Sydney
90%
Brasilia
90%
Montreal
89%
Lyon
89%
Kolkata
88%
Kuala Lumpur
88%
Marseille
88%
Minsk
88%
Taipei
87%
Shanghai
86%
Rotterdam
86%
Sofia
86%
Pyongyang
85%
Guangzhou
85%
Turin
85%
Doha
83%
Santo Domingo
82%
Wuhan
81%
Mecca
81%
Xian
81%
Tbilisi
81%
Guadalajara
81%
Baku
81%
Chennai
80%
Busan
80%
Cleveland
80%
Newcastle Upon Tyne
79%
Sapporo
79%
Medellin
79%
Lille
79%
Bilbao
78%
Tianjin
77%
Yerevan
76%
Hyderabad
76%
Belo Horizonte
76%
Monterrey
75%
Lahore
74%
San Juan
74%
Hiroshima
74%
Genoa
73%
Shenzhen
73%
Izmir
73%
Urumqi
73%
Tashkent
73%
Kyoto
72%
Chengdu
71%
Toulouse
70%
Harbin
70%
Chongqing
70%
Bengaluru
69%
Nagoya
69%
Baltimore
69%
Almaty
68%
Recife
68%
Ahmedabad
67%
Xiamen
67%
Yekaterinburg
65%
Nanjing
65%
Nuremburg
65%
Porto Alegre
64%
Macau
64%
Kharkiv
63%
Yokohama
63%
Salvador
62%
Novosibirsk
61%
Fukuoka
60%
Nizhny Novgorod
60%
Lausanne
59%
Dalian
57%
Kobe
55%
Qingdao
54%
Incheon
54%
Hangzhou
54%
Catania
54%
Daegu
53%
Kazan
52%
Rennes
51%
Dnipro
51%
Shenyang
50%
Samara
50%
Isfahan
49%
Kunming
48%
Fuzhou
48%
Lucknow
47%
Jaipur
46%
Mashhad
44%
Hefei
43%
Sendai
42%
Kaohsiung
42%
Bursa
42%
Shiraz
42%
Zhengzhou
42%
Suzhou
39%
Nanning
38%
Brescia
38%
Tabriz
35%
Nagpur
34%
Adana
32%
Dongguan
30%
Wenzhou
30%
Changsha
30%
Shijiazhuang
29%
Changchun
29%
Hohhot
29%
Gwangju
28%
Taichung
28%
Ningbo
27%
Taiyuan
27%
Daejeon
27%
Kochi
25%
Lanzhou
25%
Wuxi
25%
Jinan
23%
Foshan
21%
Nanchang
19%
Taoyuan
19%
Guiyang
18%
Xuzhou
13%
Noida
13%
Changzhou
8%

Score Distribution

Percentile by Number Answered

Percent of People with Each Score

Your Score History

You have not taken this quiz since the last reset